| 000 | 00550nam a2200193Ia 4500 | ||
|---|---|---|---|
| 999 |
_c1602 _d1602 |
||
| 003 | OSt | ||
| 005 | 20200928112430.0 | ||
| 008 | 190216s9999||||xx |||||||||||||| ||und|| | ||
| 020 | _a8171336256 | ||
| 040 | _coclc | ||
| 082 |
_a582.13 _bSIN/T |
||
| 100 |
_aSingh, V _94777 |
||
| 245 | 0 |
_aA Textbook Of Botany : _bAngiosperms / _cV Singh ; P C Pande ; D K Jain |
|
| 250 | _a1st Ed. | ||
| 260 |
_bRasthogi Publications, _aMeerut: _c2003. |
||
| 300 | _a632p | ||
| 650 | _aBotany | ||
| 942 |
_cBK _2ddc _h582.13 _iSIN/T _k582.13 _mSIN/T |
||